Modern Analytical Chemistry
Modern Analytical Chemistry is a one-semester introductory text that meets the needs of all instructors. With coverage in both traditional topics and modern-day topics, instructors will have the flexibilty to customize their course into what they feel is necessary for their students to comprehend th...
Đã lưu trong:
| 主要作者: | |
|---|---|
| 格式: | 圖書 |
| 語言: | Undetermined |
| 出版: |
Boston
McGraw-Hill
2000
|
| 主題: | |
| 標簽: |
添加標簽
沒有標簽, 成為第一個標記此記錄!
|
| Thư viện lưu trữ: | Trung tâm Học liệu Trường Đại học Cần Thơ |
|---|
| LEADER | 00998nam a2200229Ia 4500 | ||
|---|---|---|---|
| 001 | CTU_116006 | ||
| 008 | 210402s9999 xx 000 0 und d | ||
| 020 | |c 141.25 | ||
| 082 | |a 543 | ||
| 082 | |b H341 | ||
| 100 | |a Harvey, David | ||
| 245 | 0 | |a Modern Analytical Chemistry | |
| 245 | 0 | |c David Harvey | |
| 260 | |a Boston | ||
| 260 | |b McGraw-Hill | ||
| 260 | |c 2000 | ||
| 520 | |a Modern Analytical Chemistry is a one-semester introductory text that meets the needs of all instructors. With coverage in both traditional topics and modern-day topics, instructors will have the flexibilty to customize their course into what they feel is necessary for their students to comprehend the concepts of analytical chemistry | ||
| 526 | |a Các phương pháp phân tích hóa học hiện đại,Các kỹ thuật phân tích bề mặt | ||
| 526 | |b NN653,TNH611 | ||
| 650 | |a Chemistry, Analytic | ||
| 904 | |i Vương | ||
| 980 | |a Trung tâm Học liệu Trường Đại học Cần Thơ | ||